000 00424nam a2200169Ia 4500
008 240729s9999 xx 000 0 und d
022 _a2673-7094
245 0 _aGeotechnics
260 _aSwitzerland
260 _bMDPI AG
650 _a Dynamic and structural geology
650 _a Geology
650 _aScience
856 _uhttps://doaj.org/toc/c718dbf7fbe3425d9233626548fa06f7
942 _2ddc
942 _cDOAJEJ
999 _c72791
_d72791
945 _a1
_bMadushi Gamage
_c1
_dMadushi Gamage